00548nai a2200157Ia 4500003000900000008004100009022002300050022002200073040001600095245005100111260003400162310001400196362002600210521006900236856008500305IN-BaIIA211028c9999 xx s 000 0 eng d a1600-5767 (Online) a1600-5767 (Print) cIIA Library 0aJournal of Applied Crystallographyh[eJournal] aNew JerseybJohn Wiley & Sons aBimonthly a29(1); 1996 - Present bSubscribed through National Knowledge Resource Consortium (NKRC) uhttps://onlinelibrary.wiley.com/journal/s16005767yClick Here to Access eJournal